000 00752nam a22002057a 4500
999 _c17122
_d17122
003 AR-CdUCM
008 190507b ||||| |||| 00| 0 spa d
040 _aMUNICIPALIDAD PROVINCIAL DEL CUSCO
_cBIBLIOTECA MUNICIPAL DEL CUSCO
082 _a193 /
_bF61
100 _aFlores Quelopana, Gustavo.
_936978
245 _aKant y la revolución burguesa :
_bEl criticismo y la totalidad social /
260 _aPerú :
_bMultigraf,
_c1990.
300 _a120 páginas ;
_c17 cm.
500 _aColaboración de Concytec.
505 _aContenido :Surgimiento de la filosofía critica -- El reino de la razón pura -- La filosofía critica ...
650 _aFilosofía.
_9395
650 _aSocialismo.
_91037
942 _2ddc
_cLIBROS
945 _arum
_d2019-05-07